000 00577nam a2200217Ia 4500
005 20250923145720.0
008 008 250917s9999 xx 000 0 eng d
037 _aTextual
040 _aDSWL
_beng
_cDSWL
041 _aeng
_2eng
084 _qDSWL
100 _aSegal, M.
_9838256
245 4 _aThe Nova University from one to two years
_c by M.Segal
260 _aCalifornia
_bB.L. Winch & Associated
_c1976
300 _a98p.
365 _aINR
_b82.97
700 _a D. Adcock
_9838257
925 _g82.97
942 _cTEXL
999 _c1454693
_d1454693